107_ Personnalités nées un 17 avril par images - Statistiques

Statistiques générales
  • Ce quiz a été pris 30 fois
  • Le résultat moyen est 3 sur 9
Statistiques - réponses
Par images Hint Réponse % Correct
Tenisman Jo-Wilfried Tsonga
90%
Pilote automobile Romain Grosjean
63%
Actrice Maïwenn
40%
Navigatrice Violette Dorange
30%
Animateur Patrick Roy
20%
Politicien Alain Poher
17%
Acteur Zinedine Soualem
10%
Actrice Phoebe Dynevor
3%
Chanteuse Liz Phair
0%
Aucun quiz correspondant
Distribution des résultats
% des personnes avec chaque résultat
Percentile par nombre de réponses
Votre historique - résultats
Vous n’avez pas pris ce quiz